UBT Library

THE ENDURING VISION A HISTORY OF THE AMERICAN PEOPLE (Record no. 15633)

000 -LEADER
fixed length control field 00333nam a22001337a 4500
008 - FIXED-LENGTH DATA ELEMENTS--GENERAL INFORMATION
fixed length control field 170602b xxu||||| |||| 00| 0 eng d
020 ## - INTERNATIONAL STANDARD BOOK NUMBER
International Standard Book Number 9780618280735
041 ## - LANGUAGE CODE
Language code of text/sound track or separate title eng
080 ## - UNIVERSAL DECIMAL CLASSIFICATION NUMBER
Edition identifier 5 ED
Universal Decimal Classification number 94
100 ## - Rafti
Rafti 17
101 ## - Shkurtesa
Shkurtesa SHH
245 ## - TITLE STATEMENT
Title THE ENDURING VISION A HISTORY OF THE AMERICAN PEOPLE
Statement of responsibility, etc CLARK.B
942 ## - ADDED ENTRY ELEMENTS (KOHA)
Source of classification or shelving scheme
Item type Books
Holdings
Withdrawn status Lost status Source of classification or shelving scheme Damaged status Not for loan Collection code Permanent location Current location Shelving location Date acquired Total Checkouts Full call number Barcode Date last seen Price effective from Koha item type
          Koleksioni i përgjithshem UBT - Lipjan UBT - Lipjan Koleksioni i përgjithshem 06/02/2017   94 CLA 002-287797 06/02/2017 06/02/2017 Books
          Koleksioni i përgjithshem UBT - Lipjan UBT - Lipjan Koleksioni i përgjithshem 06/02/2017   94 CLA 002-287792 06/02/2017 06/02/2017 Books
          Koleksioni i përgjithshem UBT - Lipjan UBT - Lipjan Koleksioni i përgjithshem 06/02/2017   94 CLA 002-287787 06/02/2017 06/02/2017 Books
          Koleksioni i përgjithshem UBT - Lipjan UBT - Lipjan Koleksioni i përgjithshem 06/02/2017   94 CLA 002-287826 06/02/2017 06/02/2017 Books
UBT Library © 2015-2024. All rights reserved University Education for Business and Technology